[Event "Araraquara op 2nd"]
[Site "Araraquara"]
[Date "2024.02.10"]
[Round "1"]
[White "Jiang, Lucas Zirui"]
[Black "De Oliveira, Enio Augusto"]
[Result "1/2-1/2"]
[WhiteElo "1756"]
[BlackElo "1800"]
[PlyCount "45"]
[EventDate "2024.02.10"]
[EventType "swiss"]
[EventRounds "7"]
[EventCountry "BRA"]
[SourceTitle "CB09_2024"]
[SourceDate "2024.02.28"]
[SourceVersion "1"]
[SourceVersionDate "2024.02.28"]
[SourceQuality "1"]

1. d4 d5 2. Nf3 Nf6 3. c4 e6 4. cxd5 exd5 5. Bg5 Be7 6. Bxf6 Bxf6 7. e3 Bg4 8. Be2 0-0 9. b4 Nd7 10. 0-0 c5 11. bxc5 Nxc5 12. Nc3 Ne4 13. Rc1 Qa5 14. Na4 Rac8 15. Rxc8 Rxc8 16. h3 Bxf3 17. Bxf3 Nd2 18. Re1 Nxf3+ 19. gxf3 b5 20. Nc5 Be7 21. Nd3 Qxa2 22. Qe2 Qc4 23. Ne5 1/2-1/2

[Event "Hebraica op 32nd"]
[Site "Hebraica"]
[Date "2024.02.04"]
[Round "6"]
[White "Palatnic, Armando"]
[Black "Jiang, Lucas Zirui"]
[Result "1/2-1/2"]
[WhiteElo "1635"]
[BlackElo "1756"]
[PlyCount "37"]
[EventDate "2024.02.02"]
[EventType "swiss"]
[EventRounds "6"]
[EventCountry "BRA"]
[SourceTitle "CB07_2024"]
[SourceDate "2024.02.14"]
[SourceVersion "1"]
[SourceVersionDate "2024.02.14"]
[SourceQuality "1"]

1. e4 c6 2. d4 d5 3. e5 Bf5 4. Nf3 e6 5. Be2 h6 6. Nbd2 Nd7 7. c3 Ne7 8. Nf1 Qc7 9. Ne3 a5 10. 0-0 Bh7 11. Bd2 Nf5 12. Rc1 Be7 13. c4 dxc4 14. Nxc4 0-0 15. Ne3 Rfd8 16. Qe1 b6 17. g4 Nh4 18. Ng2 Nxg2 19. Kxg2 1/2-1/2

[Event "BRA Amateur-ch U1800"]
[Site "Sao Paulo"]
[Date "2022.11.06"]
[Round "7"]
[White "De Paula, Lucas Bastos"]
[Black "Jiang, Lucas Zirui"]
[Result "1/2-1/2"]
[WhiteElo "1657"]
[BlackElo "1620"]
[PlyCount "31"]
[EventDate "2022.11.03"]
[EventType "swiss"]
[EventRounds "7"]
[EventCountry "BRA"]
[SourceTitle "CBM 211 Extra"]
[Source "ChessBase"]
[SourceDate "2023.01.31"]
[SourceVersion "1"]
[SourceVersionDate "2023.01.31"]
[SourceQuality "1"]

1. d4 c6 2. Nf3 d5 3. c4 Nf6 4. g3 Bf5 5. Bg2 e6 6. 0-0 h6 7. Nc3 Nbd7 8. Nd2 Be7 9. e4 dxe4 10. Ndxe4 0-0 11. h3 Nxe4 12. Nxe4 Nf6 13. Nc3 Qc7 14. Be3 Rad8 15. Qb3 a6 16. c5 1/2-1/2

[Event "BRA Amateur-ch U1800"]
[Site "Sao Paulo"]
[Date "2022.11.04"]
[Round "4"]
[White "Jiang, Lucas Zirui"]
[Black "Leite, Rafael Vicente"]
[Result "1/2-1/2"]
[WhiteElo "1620"]
[BlackElo "1773"]
[PlyCount "111"]
[EventDate "2022.11.03"]
[EventType "swiss"]
[EventRounds "7"]
[EventCountry "BRA"]
[SourceTitle "CBM 211 Extra"]
[Source "ChessBase"]
[SourceDate "2023.01.31"]
[SourceVersion "1"]
[SourceVersionDate "2023.01.31"]
[SourceQuality "1"]

1. d4 d5 2. Nf3 Nf6 3. c4 dxc4 4. Nc3 e6 5. e3 a6 6. Bxc4 c5 7. 0-0 Be7 8. Qe2 0-0 9. Rd1 Qc7 10. a3 Nc6 11. dxc5 Bxc5 12. b4 Be7 13. Bb2 b5 14. Ba2 Bb7 15. Rac1 Rfd8 16. Bb1 Rxd1+ 17. Rxd1 g6 18. Ne4 Nxe4 19. Bxe4 f6 20. Qc2 Bd8 21. Nd4 Nxd4 22. Qxc7 Bxc7 23. Bxb7 Rb8 24. Bxd4 Rxb7 25. Bxf6 a5 26. g3 Kf7 27. Bc3 axb4 28. Bxb4 Be5 29. Kg2 Bf6 30. Rc1 h5 31. Kf3 Be7 32. Rc6 Kf6 33. h4 Kf7 34. Ke4 Bf6 35. Kf4 Bb2 36. Rc2 Bf6 37. Rc8 Be7 38. Rh8 e5+ 39. Ke4 Bf6 40. Rf8+ Ke6 41. Rc8 Kf7 42. Ba5 Be7 43. Rc7 Rxc7 44. Bxc7 Bxa3 45. Bxe5 Ke6 46. Bd4 Bb4 47. Kd3 Kf5 48. Ke2 Bd6 49. Kf3 b4 50. e4+ Ke6 51. Ke3 Be7 52. Kd3 g5 53. hxg5 Bxg5 54. Kc4 h4 55. gxh4 Bxh4 56. Kxb4 1/2-1/2